| 000 | 01093nam0a22002771 4500 | ||
|---|---|---|---|
| 001 | rc\182120 | ||
| 005 | 20250620222635.0 | ||
| 035 | _a(NLR Aleph) 005441234 | ||
| 090 |
_a4759640 _c4759640 |
||
| 100 | _a20030307d1996 |||y0rusy50 ca | ||
| 101 | 0 | _arus | |
| 102 | _aRU | ||
| 105 | _ay ||||||||| | ||
| 200 | 1 |
_aРяды Эйзенштейна-Гекке и их свойства _dThe Eisenstein-Heche series and their properties _fВ.А. Быковский |
|
| 210 |
_aХабаровск _cИПМ _aВладивосток _cДальнаука _d1996 |
||
| 215 |
_a8 с. _d21 |
||
| 225 | 1 |
_aПрепринт _fРос. акад. наук. Дальневост. отд-ние. Ин-т прикл. математики. Хабар. отд-ние _v№ 24 |
|
| 300 | _aРез. на англ. яз. | ||
| 320 | _aБиблиогр.: с. 8 | ||
| 510 | 0 | _aThe Eisenstein-Heche series and their properties | |
| 700 | 1 |
_aБыковский _bВ.А. _gВиктор Алексеевич |
|
| 801 | 0 |
_aRU _bNLR _gpsbo |
|
| 801 | 1 |
_aRU _bELAR _2rusmarc |
|
| 852 |
_aNLR _j97-4/14751 |
||
| 942 | _cBOOK | ||
| 980 | _aNB | ||